000
00305nam a2200109Ia 4500
008
220204s9999 xx 000 0 und d
082
_a
678:665.9.046
_b
VAN
100
_a
Van Turnihout, J
245
0
_a
Thermally stimulated discharge of polymer electrets
260
_a
Amsterdam
_b
Elsevier
_c
1975
942
_c
BK
999
_c
23778
_d
23778